| 000 | 00425nam a2200145 i 4500 | ||
|---|---|---|---|
| 001 | 47126 | ||
| 003 | ES-MaACL | ||
| 007 | t| | ||
| 008 | 030403s1917 it ||||1| ita d | ||
| 245 | 0 | 0 | _aContributi psicologici del laboratorio di psicologia sperimentale della R. Universita di Roma. |
| 260 |
_aRoma : _bPresso el laboratorio, _c1917. |
||
| 300 |
_a1 v. ; _c24 cm. |
||
| 500 | _aEs el V. III. | ||
| 852 |
_aES-MaACL _jG-13812 |
||
| 999 |
_c47126 _d47126 |
||